Normal view
MARC view
- Munde Prarthana - 2k241047 & Dr. Pranita Sonar – Guide
Entry Personal Name
001 - CONTROL NUMBER
- control field: 216509
003 - CONTROL NUMBER IDENTIFIER
- control field: OSt
005 - DATE AND TIME OF LATEST TRANSACTION
- control field: 20260128130722.0
008 - FIXED-LENGTH DATA ELEMENTS
- fixed length control field: 260128|| aca||aabn | a|a d
040 ## - CATALOGING SOURCE
- Original cataloging agency: OSt
- Transcribing agency: OSt
100 ## - HEADING--PERSONAL NAME
- Personal name: Munde Prarthana - 2k241047 & Dr. Pranita Sonar – Guide
670 ## - SOURCE DATA FOUND
- Source citation: Work cat.: (OSt)370146: Munde Prarthana - 2k241047 & Dr. Pranita Sonar – Guide, A Study of Financial Management and Budgetary Control in Film and Video Production , 2025